[Event "DEN-chT 2122 59th"]
[Site "Denmark"]
[Date "2021.10.31"]
[Round "2.5"]
[White "Hoi, Carsten"]
[Black "Pedersen, Daniel Vesterbaek"]
[Result "1/2-1/2"]
[WhiteElo "2348"]
[BlackElo "2139"]
[PlyCount "46"]
[EventDate "2021.10.30"]
[EventType "team-tourn"]
[EventRounds "9"]
[EventCountry "DEN"]
[SourceTitle "CBM 204 Extra"]
[Source "ChessBase"]
[SourceDate "2021.11.30"]
[SourceVersion "1"]
[SourceVersionDate "2021.11.30"]
[SourceQuality "1"]
[WhiteTeam "Bronshoj"]
[BlackTeam "Fredericia"]
[WhiteTeamCountry "DEN"]
[BlackTeamCountry "DEN"]

1. c4 e5 2. e3 Nf6 3. d4 exd4 4. exd4 Bb4+ 5. Nc3 0-0 6. Bd3 c5 7. d5 Bxc3+ 8. bxc3 d6 9. Ne2 Nbd7 10. 0-0 Ne5 11. Bg5 h6 12. Bf4 Nxd3 13. Qxd3 Nh5 14. Be3 Qf6 15. Ng3 Nf4 16. Bxf4 Qxf4 17. Rae1 Bd7 18. Ne4 f5 19. Nd2 Qh4 20. Re2 Rae8 21. Rfe1 Rxe2 22. Rxe2 Qf6 23. h3 Qd8 1/2-1/2

[Event "Andorra op 37th"]
[Site "Escaldes"]
[Date "2019.07.28"]
[Round "2"]
[White "Asis Gargatagli, Hipolito"]
[Black "Pedersen, Daniel Vesterbaek"]
[Result "1-0"]
[WhiteElo "2506"]
[BlackElo "2182"]
[PlyCount "63"]
[EventDate "2019.07.27"]
[EventType "swiss"]
[EventRounds "9"]
[EventCountry "AND"]
[SourceTitle "CBM 191 Extra"]
[Source "ChessBase"]
[SourceDate "2019.09.30"]
[SourceVersion "1"]
[SourceVersionDate "2019.09.30"]
[SourceQuality "1"]

1. e4 e5 2. Nf3 Nc6 3. d4 exd4 4. Nxd4 Nf6 5. Nxc6 bxc6 6. e5 Qe7 7. Qe2 Nd5 8. h4 Qe6 9. g3 Bc5 10. Nd2 0-0 11. Bh3 Qe7 12. Nb3 Nb4 13. 0-0 Ba6 14. c4 d5 15. Nxc5 Bxc4 16. Qg4 Bxf1 17. Bxf1 Qxc5 18. Bh6 g6 19. a3 Nc2 20. Rc1 Rfe8 21. Qe2 Nd4 22. Rxc5 Nxe2+ 23. Bxe2 Rxe5 24. Bg4 f5 25. Bf3 Re6 26. Rxc6 Re1+ 27. Kg2 Rd8 28. Rxc7 d4 29. Rg7+ Kh8 30. Rxa7 Rb1 31. Bd5 d3 32. Bg7# 1-0

[Event "DEN-chT 1718 56th"]
[Site "Denmark"]
[Date "2017.12.17"]
[Round "4.3"]
[White "Nordenbaek, Jan"]
[Black "Pedersen, Daniel Vesterbaek"]
[Result "1-0"]
[WhiteElo "2194"]
[BlackElo "2200"]
[PlyCount "45"]
[EventDate "2017.11.18"]
[EventType "team-tourn"]
[EventRounds "9"]
[EventCountry "DEN"]
[SourceTitle "EXT 2019"]
[Source "ChessBase"]
[SourceDate "2018.10.10"]
[SourceVersion "1"]
[SourceVersionDate "2018.10.10"]
[SourceQuality "1"]
[WhiteTeam "Hillerod"]
[BlackTeam "Nordkalotten"]
[WhiteTeamCountry "DEN"]
[BlackTeamCountry "DEN"]

1. Nf3 d5 2. d4 Nf6 3. c4 c6 4. e3 Bf5 5. Nc3 e6 6. Be2 h6 7. Qb3 Qb6 8. Bd2 Nbd7 9. 0-0 Qxb3 10. axb3 Bc2 11. Bd1 Bd3 12. Be2 Bxe2 13. Nxe2 Ne4 14. Be1 a6 15. Nc3 Bd6 16. cxd5 exd5 17. Nxe4 dxe4 18. Nd2 f5 19. Nc4 Bc7 20. Bb4 0-0-0 21. Be7 Rde8 22. Bd6 b5 23. Rxa6 1-0

[Event "EU-Cup 32nd"]
[Site "Novi Sad"]
[Date "2016.11.12"]
[Round "7.3"]
[White "Townsend, M Paul"]
[Black "Pedersen, Daniel Vesterbaek"]
[Result "0-1"]
[WhiteElo "2231"]
[BlackElo "2234"]
[PlyCount "82"]
[EventDate "2016.11.06"]
[EventType "team-swiss"]
[EventRounds "7"]
[EventCountry "SRB"]
[SourceTitle "CBM 176"]
[Source "ChessBase"]
[SourceDate "2017.01.17"]
[SourceVersion "1"]
[SourceVersionDate "2017.01.17"]
[SourceQuality "1"]
[WhiteTeam "White Rose"]
[BlackTeam "Nordkalotten"]
[WhiteTeamCountry "ENG"]
[BlackTeamCountry "DEN"]

1. d4 Nf6 2. c4 e6 3. g3 d5 4. Nf3 Bb4+ 5. Bd2 Bd6 6. Nc3 Nc6 7. Bg2 dxc4 8. Qa4 0-0 9. Qxc4 a6 10. Rd1 Qe7 11. 0-0 b5 12. Qd3 Bb7 13. e4 e5 14. d5 Nb8 15. Nh4 b4 16. Nf5 Qd8 17. Nb1 a5 18. Qf3 Ba6 19. Rfe1 Nbd7 20. Bg5 Re8 21. Bh3 Bb5 22. Nd2 Ra6 23. Nf1 Bf8 24. d6 Bxd6 25. N1e3 Qa8 26. Nh6+ gxh6 27. Bxf6 Nxf6 28. Qxf6 Bf8 29. Qh4 Be7 30. Qh5 Qxe4 31. Bf5 Qa8 32. Nd5 Qb8 33. Rxe5 Bg5 34. Rde1 Rd6 35. Bxh7+ Kg7 36. Rxe8 Bxe8 37. Be4 f5 38. Qf3 fxe4 39. Qxe4 Bf7 40. Nf4 Qd8 41. Qe5+ Qf6 0-1

[Event "Hilversum op"]
[Site "Hilversum"]
[Date "2016.06.18"]
[Round "4"]
[White "Pedersen, Daniel Vesterbaek"]
[Black "Van Dael, Siem"]
[Result "1-0"]
[WhiteElo "2268"]
[BlackElo "2006"]
[PlyCount "73"]
[EventDate "2016.06.17"]
[EventType "swiss"]
[EventRounds "6"]
[EventCountry "NED"]
[SourceTitle "CBM 173 Extra"]
[Source "ChessBase"]
[SourceDate "2016.08.29"]
[SourceVersion "1"]
[SourceVersionDate "2016.08.29"]
[SourceQuality "1"]

1. e4 e5 2. Nf3 Nc6 3. g3 Nf6 4. d3 Bc5 5. Bg2 d5 6. exd5 Nxd5 7. 0-0 0-0 8. Re1 Re8 9. c3 Bg4 10. h3 Bh5 11. Nbd2 a5 12. Nc4 Nb6 13. Nxb6 Bxb6 14. Be3 Bxe3 15. Rxe3 Qd6 16. Qa4 Rad8 17. Rae1 f5 18. Qb5 f4 19. gxf4 exf4 20. Rxe8+ Bxe8 21. Qxb7 Bf7 22. Ng5 Qg6 23. Qxc6 Qxg5 24. Kh2 f3 25. Qxf3 Bd5 26. Qg3 Qxg3+ 27. Kxg3 Bxa2 28. d4 Bb3 29. Re7 Rd6 30. Rxc7 a4 31. Rc6 Rd7 32. Ra6 h6 33. Bc6 Rd6 34. Bb5 Rd5 35. Bxa4 Rg5+ 36. Kf4 Bc4 37. Rc6 1-0

[Event "DEN-ch Blitz final Gr 2"]
[Site "Svendborg"]
[Date "2016.03.25"]
[Round "5"]
[White "Pedersen, Daniel Vesterbaek"]
[Black "Boe, Mads"]
[Result "0-1"]
[WhiteElo "2268"]
[BlackElo "2310"]
[PlyCount "101"]
[EventDate "2016.03.25"]
[EventType "tourn (blitz)"]
[EventRounds "7"]
[EventCountry "DEN"]
[SourceTitle "EXT 2023"]
[Source "ChessBase"]
[SourceDate "2022.10.05"]
[SourceVersion "1"]
[SourceVersionDate "2022.10.05"]
[SourceQuality "1"]

1. e4 c6 2. d4 d5 3. Nc3 dxe4 4. Nxe4 Nf6 5. Nxf6+ gxf6 6. Nf3 Bf5 7. Be2 Nd7 8. Nh4 Bg6 9. c4 e6 10. Nxg6 hxg6 11. Qb3 Qc7 12. g3 0-0-0 13. Be3 Bh6 14. 0-0-0 f5 15. f4 Bg7 16. d5 cxd5 17. Kb1 d4 18. Bxd4 Bxd4 19. Rxd4 Nc5 20. Qe3 Rxd4 21. Qxd4 Rd8 22. Qe3 a6 23. Rc1 Qc6 24. Bf3 Qc7 25. Rd1 Rxd1+ 26. Bxd1 Qd6 27. Bf3 Kc7 28. Kc2 a5 29. b3 Na6 30. Qe5 Nb4+ 31. Kb1 Qxe5 32. fxe5 Nd3 33. Be2 Nxe5 34. Kc2 Kd6 35. Kc3 g5 36. a3 f4 37. b4 axb4+ 38. axb4 f3 39. Bf1 g4 40. Kd4 Nc6+ 41. Ke4 f5+ 42. Kf4 Nxb4 43. c5+ Kxc5 44. Ke5 Nd5 45. Kxe6 Ne3 46. Bd3 Kd4 47. Bb5 f2 48. Kf6 Ke4 49. Kg5 Kf3 50. Bd3 Kg2 51. Bxf5 0-1

[Event "DEN-ch Blitz final Gr 2"]
[Site "Svendborg"]
[Date "2016.03.25"]
[Round "1"]
[White "Pedersen, Daniel Vesterbaek"]
[Black "Bromann, Thorbjorn"]
[Result "0-1"]
[WhiteElo "2268"]
[BlackElo "2452"]
[PlyCount "80"]
[EventDate "2016.03.25"]
[EventType "tourn (blitz)"]
[EventRounds "7"]
[EventCountry "DEN"]
[SourceTitle "EXT 2023"]
[Source "ChessBase"]
[SourceDate "2022.10.05"]
[SourceVersion "1"]
[SourceVersionDate "2022.10.05"]
[SourceQuality "1"]

1. e4 e6 2. d4 d5 3. Nc3 Nf6 4. e5 Nfd7 5. f4 c5 6. Nf3 Nc6 7. Be3 a6 8. Qd2 b5 9. Be2 Qb6 10. Nd1 b4 11. 0-0 a5 12. c4 dxc4 13. Bxc4 cxd4 14. Nxd4 Nxd4 15. Bxd4 Bc5 16. Bxc5 Nxc5 17. Qd6 Qxd6 18. exd6 Ne4 19. Bb5+ Bd7 20. Bxd7+ Kxd7 21. f5 exf5 22. Ne3 g6 23. Rfd1 Rhc8 24. b3 Ra6 25. Nc4 f6 26. Rd5 a4 27. Re1 Re8 28. Rb5 Nxd6 29. Rxe8 Nxb5 30. Rb8 Nc3 31. Rxb4 a3 32. Rb7+ Kc6 33. Rf7 Kd5 34. Rd7+ Ke6 35. Rb7 Nxa2 36. b4 Nc3 37. b5 a2 38. bxa6 a1Q+ 39. Kf2 Qa2+ 40. Ke3 Qxc4 0-1

[Event "DEN-ch Blitz final Gr 2"]
[Site "Svendborg"]
[Date "2016.03.25"]
[Round "2"]
[White "Skytte, Rasmus"]
[Black "Pedersen, Daniel Vesterbaek"]
[Result "0-1"]
[WhiteElo "2410"]
[BlackElo "2268"]
[PlyCount "112"]
[EventDate "2016.03.25"]
[EventType "tourn (blitz)"]
[EventRounds "7"]
[EventCountry "DEN"]
[SourceTitle "EXT 2023"]
[Source "ChessBase"]
[SourceDate "2022.10.05"]
[SourceVersion "1"]
[SourceVersionDate "2022.10.05"]
[SourceQuality "1"]

1. e4 e5 2. Bc4 Nf6 3. d3 c6 4. Nf3 d5 5. Bb3 Bb4+ 6. Bd2 Bxd2+ 7. Qxd2 dxe4 8. Nxe5 0-0 9. dxe4 Qe7 10. Qf4 Be6 11. Bxe6 Qxe6 12. Nc3 Re8 13. Nf3 Nxe4 14. 0-0 Nxc3 15. bxc3 Nd7 16. Qc7 Nc5 17. Nd4 Qc4 18. Qg3 Ne4 19. Qg4 Nxc3 20. Rae1 Red8 21. h3 Qxd4 22. Qg5 Ne4 23. Qe7 Re8 24. Qxb7 Nxf2 25. Qxc6 Nxh3+ 26. Kh2 Rec8 27. Qe4 Qxe4 28. Rxe4 Ng5 29. Ra4 Rc7 30. Rf5 Ne6 31. Rb5 Rxc2 32. Rxa7 Rxa7 33. Rb8+ Nf8 34. Rb3 Raxa2 35. Rg3 Rxg2+ 36. Rxg2 Rxg2+ 37. Kxg2 h5 38. Kh3 g5 39. Kg3 Kg7 40. Kf3 Kg6 41. Ke4 h4 42. Kf3 h3 43. Kg3 g4 44. Kh2 Kg5 45. Kg3 f5 46. Kf2 Kf4 47. Kg1 g3 48. Kf1 Ke3 49. Ke1 h2 50. Kd1 h1Q+ 51. Kc2 Qd5 52. Kc3 Qc5+ 53. Kb3 Kd3 54. Ka4 Qb6 55. Ka3 Kc3 56. Ka4 Qb4# 0-1

[Event "DEN-chT 1516 54th"]
[Site "Denmark"]
[Date "2016.02.07"]
[Round "7.6"]
[White "Skovgaard, Peter"]
[Black "Pedersen, Daniel Vesterbaek"]
[Result "0-1"]
[WhiteElo "2317"]
[BlackElo "2244"]
[PlyCount "62"]
[EventDate "2015.10.31"]
[EventType "team-tourn"]
[EventRounds "9"]
[EventCountry "DEN"]
[SourceTitle "EXT 2018"]
[Source "ChessBase"]
[SourceDate "2017.10.13"]
[SourceVersion "1"]
[SourceVersionDate "2017.10.13"]
[SourceQuality "1"]
[WhiteTeam "Philidor"]
[BlackTeam "Nordkalotten"]
[WhiteTeamCountry "DEN"]
[BlackTeamCountry "DEN"]

1. e4 e5 2. Nf3 Nc6 3. Bb5 a6 4. Bxc6 dxc6 5. 0-0 Be6 6. Nxe5 Qd4 7. Nf3 Qxe4 8. Re1 Qg4 9. h3 Qh5 10. d4 h6 11. Bf4 0-0-0 12. Nc3 Nf6 13. Bh2 Rg8 14. Ne2 g5 15. Ng3 Qg6 16. Ne5 Qg7 17. Qd3 g4 18. h4 Qh7 19. Qd2 Nd7 20. Nxd7 Rxd7 21. Ne4 Be7 22. Qf4 Qf5 23. Qxh6 Rxd4 24. Qe3 c5 25. Rad1 Rgd8 26. Rd3 Bxh4 27. b4 Rxe4 28. Rxd8+ Kxd8 29. Rd1+ Kc8 30. Qc3 Qxf2+ 31. Kh1 Re1+ 0-1